Uhlig´s Corrosion Handbook
Enregistré dans:
| Auteur principal: | |
|---|---|
| Format: | Livre |
| Langue: | anglais |
| Publié: |
New York :
John Wiley & Sons,
2000
|
| Édition: | 2nd Edition |
| Collection: | The Electrochemical Society Series
|
| Tags: |
Pas de tags, Soyez le premier à ajouter un tag!
|
MARC
| LEADER | 00000nam a22000003a 4500 | ||
|---|---|---|---|
| 001 | stu54617 | ||
| 005 | 20190206124433.6 | ||
| 008 | 000711s2000----xxu-----------------eng-d | ||
| 020 | |a 0-471-15777-5 | ||
| 040 | |a STU |b slo | ||
| 041 | 0 | |a eng | |
| 044 | |a xxu | ||
| 080 | |a 620.193 | ||
| 100 | 1 | |a Revie, R.Winston |4 aut | |
| 245 | 1 | |a Uhlig´s Corrosion Handbook | |
| 250 | |a 2nd Edition | ||
| 260 | |a New York : |b John Wiley & Sons, |c 2000 | ||
| 300 | |a 1302 s. Obr.,tab.,grafy,lit.,index | ||
| 830 | 0 | |a The Electrochemical Society Series | |
| 996 | |b C96383 |c C*96383 |l CCVI |s P |a 0 |w stu54617_0001 | ||